| 000 | 02401nam a22003257a 4500 | ||
|---|---|---|---|
| 001 | 8261 | ||
| 003 | FISKH | ||
| 005 | 20260226140250.0 | ||
| 008 | 250905b cb ||||| |||| 00| 0 eng d | ||
| 020 | _a9780764137235 | ||
| 040 |
_aFISKH _beng _cFISKH _dFISKH |
||
| 050 | _aPE1157.M38 | ||
| 082 | _a428.1 | ||
| 100 | _aMarx, David F | ||
| 245 |
_aCoach Bo will show you / _cBy David F. Marx : Illustrated by Karen Stormer Brooks |
||
| 260 |
_aNew York : _bBarron's Education Series, Inc., _c2007. |
||
| 300 |
_a24 pages : _bcolor illustrations ; _c23 cm . |
||
| 490 |
_aReader's Clubhouse _v Level 3 Readers |
||
| 505 | _aH | ||
| 520 | _aThis is Book 4 in the new Level 3 nine-book set of Reader's Clubhouse elementary readers. They are designed for both classroom use and home schooling in grades 1 and 2. Level 3 books are primarily intended for reading instruction following students' completion of Levels 1 and 2 readers in grades K and 1. Reader's Clubhouse titles on all levels emphasize the phonics method of teaching. Each Level 3 book focuses on just a few vowel sounds. Six of the Level 3 readers fall into the fiction category, and feature attractive color illustrations supplementing a wide range of story themes. Each title also suggests an activity related to the book's subject matter that is appropriate to the child's grade level. Nonfiction titles are photo illustrated in color. In addition to their main text for reading instruction, they present "Fun Facts" sidebars that will enrich children's reading experiences with interesting items of information. The nonfiction readers contain the basic elements of an adult's nonfiction book, including glossary and index. They also list two books and one web site where teachers, parents, and kids can find more information about each book's subject. All books present a letter addressed to parents and teachers which explains the fundamental phonics concepts that underlie the Reader's Clubhouse series. Book 4 teaches the oa and ow sounds. | ||
| 521 | 8 |
_a400
_bLexile estimate |
|
| 521 | 8 |
_aH
_bRaz-Plus |
|
| 650 |
_aEnglish Language- Vowels _vJuvenile Literature |
||
| 650 |
_aEnglish Language-Pronunciation _vJuvenile Literature |
||
| 650 |
_aSports _vJuvenile Literature |
||
| 700 |
_aStutz, Carol _eIllustrator |
||
| 700 |
_aGross, Deborah _eIllustrator |
||
| 942 |
_2ddc _cBK _n0 |
||
| 999 |
_c8261 _d8261 |
||